000 00282nam a2200145Ia 4500
100 _aKanetkar/ Yashwant
942 _cBK
654 _aC
245 _aLet us C++
260 _bBPB Publication
_c1999
082 _a5.133
_bKAN
300 _a605
546 _aENGLISH
999 _c22312
_d22312